000 00547nam a22001817a 4500
999 _c196826
_d196826
005 20230801111210.0
010 _aENG-137394
020 _c10.00
035 _aEN-120926
037 _bDBAD/PUB
082 _a270
100 _aAhmad, Khurshid
245 _aIslam and The New World Order/
_cby Khurshid Ahmad
260 _aNew Delhi
_bMarkazi Maktaba Islami Publishers
_c2010
270 _aD-307, Dawat Nagar, Abul Fazl Enclave, Jamia Nagar, Okhla
_bDelhi
_e110025
300 _a20p.
_c21cm(pbk)
942 _2ddc
_cEN
_mAHM
_h270